[Event "Konjic op 12th"]
[Site "Konjic"]
[Date "2023.03.03"]
[Round "5"]
[White "Mulic, Sulejman"]
[Black "Smajic, Ervin"]
[Result "1-0"]
[WhiteElo "1798"]
[BlackElo "1642"]
[PlyCount "63"]
[EventDate "2023.03.01"]
[EventType "swiss"]
[EventRounds "7"]
[EventCountry "BIH"]
[SourceTitle "CBM 213 Extra"]
[Source "ChessBase"]
[SourceDate "2023.05.31"]
[SourceVersion "1"]
[SourceVersionDate "2023.05.31"]
[SourceQuality "1"]

1. d4 d5 2. Bf4 Bf5 3. e3 e6 4. g4 Bg6 5. Nf3 Nd7 6. Bd3 Bxd3 7. Qxd3 c6 8. Nbd2 Qb6 9. Rb1 h5 10. g5 c5 11. 0-0 cxd4 12. exd4 Bd6 13. Ne5 Qc7 14. Ndf3 Ne7 15. Rfe1 0-0 16. Nh4 Nxe5 17. dxe5 Bc5 18. Re2 Rac8 19. Kh1 Nc6 20. c3 Rfd8 21. g6 d4 22. Qf3 fxg6 23. Nxg6 dxc3 24. bxc3 Ne7 25. Rxb7 Qxb7 26. Qxb7 Nxg6 27. Bg5 Rf8 28. Qd7 Rce8 29. f4 h4 30. h3 Bb6 31. Rg2 Kh7 32. Bf6 1-0

[Event "Lukavac op 8th"]
[Site "Lukavac"]
[Date "2019.11.25"]
[Round "7"]
[White "Imamovic, Smail"]
[Black "Smajic, Ervin"]
[Result "1-0"]
[WhiteElo "1890"]
[BlackElo "1553"]
[PlyCount "117"]
[EventDate "2019.11.22"]
[EventType "swiss"]
[EventRounds "7"]
[EventCountry "BIH"]
[SourceTitle "CBM 193 Extra"]
[Source "ChessBase"]
[SourceDate "2020.01.31"]
[SourceVersion "1"]
[SourceVersionDate "2020.01.31"]
[SourceQuality "1"]

1. e4 c6 2. Nf3 d5 3. Nc3 dxe4 4. Nxe4 Bf5 5. Ng3 Bg6 6. Bc4 e6 7. d3 Bd6 8. Ne2 h6 9. Nf4 Bh7 10. 0-0 Bxf4 11. Bxf4 Nf6 12. Be5 0-0 13. a4 Nbd7 14. Bc3 Nd5 15. Bd2 Qc7 16. Nh4 N7f6 17. f4 Qb6+ 18. Kh1 Ne3 19. Bxe3 Qxe3 20. Rf3 Qd4 21. Rb1 Ng4 22. Qe2 Rae8 23. c3 Qb6 24. Rbf1 Qc7 25. Rg3 Nf6 26. Qf3 Nd5 27. Qg4 f5 28. Qh5 Kh8 29. Ng6+ Bxg6 30. Qxg6 Qf7 31. Bxd5 exd5 32. Qd6 Re6 33. Qb4 Rfe8 34. Rgf3 Qe7 35. Qd4 b6 36. h3 Re1 37. Kh2 Qh4 38. Rg3 Qf6 39. Rxe1 Rxe1 40. Qxf6 gxf6 41. Rg6 Re6 42. Rxh6+ Kg7 43. Rh5 Kg6 44. Rh8 c5 45. Ra8 Re7 46. Rd8 Re2 47. b4 cxb4 48. cxb4 Rb2 49. a5 Rxb4 50. Rxd5 bxa5 51. Rxa5 Rxf4 52. Rxa7 Rd4 53. Ra3 Kg5 54. Rc3 f4 55. Kg1 f5 56. Kf2 Kh4 57. Kf3 Kg5 58. Ke2 Kh4 59. Rc4 1-0

[Event "Lukavac op 8th"]
[Site "Lukavac"]
[Date "2019.11.24"]
[Round "5"]
[White "Manic, Mujo"]
[Black "Smajic, Ervin"]
[Result "1/2-1/2"]
[WhiteElo "1820"]
[BlackElo "1553"]
[PlyCount "22"]
[EventDate "2019.11.22"]
[EventType "swiss"]
[EventRounds "7"]
[EventCountry "BIH"]
[SourceTitle "CBM 193 Extra"]
[Source "ChessBase"]
[SourceDate "2020.01.31"]
[SourceVersion "1"]
[SourceVersionDate "2020.01.31"]
[SourceQuality "1"]

1. d4 d5 2. c4 e6 3. e3 Nf6 4. Nc3 c6 5. cxd5 exd5 6. Bd3 Bb4 7. Nge2 0-0 8. 0-0 Be6 9. a3 Bd6 10. f3 Qe7 11. g3 Nbd7 1/2-1/2

[Event "Lukavac op 8th"]
[Site "Lukavac"]
[Date "2019.11.23"]
[Round "2"]
[White "Tonkovic, Robert"]
[Black "Smajic, Ervin"]
[Result "1-0"]
[WhiteElo "2118"]
[BlackElo "1553"]
[PlyCount "109"]
[EventDate "2019.11.22"]
[EventType "swiss"]
[EventRounds "7"]
[EventCountry "BIH"]
[SourceTitle "CBM 193 Extra"]
[Source "ChessBase"]
[SourceDate "2020.01.31"]
[SourceVersion "1"]
[SourceVersionDate "2020.01.31"]
[SourceQuality "1"]

1. e4 c6 2. d4 d5 3. exd5 Qxd5 4. c4 Qd8 5. Nf3 Bg4 6. Be3 Nf6 7. Nbd2 e6 8. Qb3 Qc8 9. Bd3 Bxf3 10. Nxf3 Be7 11. 0-0 0-0 12. Rad1 Nbd7 13. Bb1 c5 14. Qc2 h6 15. b3 Rd8 16. Rfe1 Bd6 17. dxc5 Bxc5 18. Bf4 Qc6 19. h3 Re8 20. Ne5 Nxe5 21. Bxe5 Be7 22. Qe2 Rad8 23. Qe3 a6 24. Bd3 Rd7 25. Be2 Red8 26. Bf3 Qc8 27. Bd4 Ne8 28. Bb6 Rxd1 29. Rxd1 Rxd1+ 30. Bxd1 Qd7 31. Bf3 Nf6 32. Qd4 Qxd4 33. Bxd4 b5 34. cxb5 axb5 35. a4 bxa4 36. bxa4 Bd8 37. Bc3 Nd7 38. a5 f6 39. Bc6 Nc5 40. Bb5 Ne4 41. Bb4 Kf7 42. Bc6 Bxa5 43. Bxa5 Nd6 44. Bb4 Nf5 45. Bc5 e5 46. Kf1 Ke6 47. Bb7 Nh4 48. g3 Ng6 49. h4 Nh8 50. Bc8+ Kf7 51. h5 g6 52. g4 gxh5 53. gxh5 Ke8 54. Be6 Nf7 55. Bf5 1-0

[Event "Sarajevo Bosna op 49th"]
[Site "Sarajevo"]
[Date "2019.04.30"]
[Round "5"]
[White "Lakota, Izet"]
[Black "Smajic, Ervin"]
[Result "1-0"]
[WhiteElo "1750"]
[BlackElo "1556"]
[PlyCount "105"]
[EventDate "2019.04.27"]
[EventType "swiss"]
[EventRounds "9"]
[EventCountry "BIH"]
[SourceTitle "CBM 190 Extra"]
[Source "ChessBase"]
[SourceDate "2019.07.15"]
[SourceVersion "1"]
[SourceVersionDate "2019.07.15"]
[SourceQuality "1"]

1. e4 d5 2. exd5 Qxd5 3. Nf3 c6 4. Nc3 Qd8 5. b3 Bg4 6. Be2 Bxf3 7. Bxf3 Nf6 8. Bb2 e6 9. 0-0 Be7 10. h3 0-0 11. Ne2 Nbd7 12. a4 Qc7 13. d3 Rad8 14. Qd2 Nc5 15. Qe3 Nd5 16. Bxd5 exd5 17. Bd4 Na6 18. Bxa7 c5 19. a5 Rde8 20. Bb6 Qc6 21. Qf3 Bf6 22. Rad1 Qd7 23. d4 cxd4 24. Nxd4 Re5 25. Rfe1 Rxe1+ 26. Rxe1 Rc8 27. c3 h6 28. Rd1 Nc5 29. Bxc5 Rxc5 30. b4 Rc4 31. Ne2 Qc7 32. Rd3 d4 33. Nxd4 Bxd4 34. Rxd4 Rxc3 35. Rd3 Rc1+ 36. Rd1 Rc4 37. Rb1 Qe7 38. Qb3 Qe6 39. Qe3 Re4 40. Qc5 Rc4 41. Qe3 Re4 42. Qd3 Re1+ 43. Rxe1 Qxe1+ 44. Qf1 Qxb4 45. Qa1 Qb5 46. Qc3 Qb1+ 47. Kh2 Qb5 48. Qc7 g6 49. Kg3 Kg7 50. Kf4 Kf6 51. Qd6+ Kg7 52. Qe5+ Qxe5+ 53. Kxe5 1-0

[Event "Sarajevo Bosna op 49th"]
[Site "Sarajevo"]
[Date "2019.04.28"]
[Round "3"]
[White "Hadziabdic, Nadja"]
[Black "Smajic, Ervin"]
[Result "0-1"]
[WhiteElo "1102"]
[BlackElo "1556"]
[PlyCount "148"]
[EventDate "2019.04.27"]
[EventType "swiss"]
[EventRounds "9"]
[EventCountry "BIH"]
[SourceTitle "CBM 190 Extra"]
[Source "ChessBase"]
[SourceDate "2019.07.15"]
[SourceVersion "1"]
[SourceVersionDate "2019.07.15"]
[SourceQuality "1"]

1. e4 d5 2. exd5 Qxd5 3. Nc3 Qa5 4. Nf3 c6 5. d4 Bg4 6. Be2 e6 7. 0-0 Be7 8. Ne5 Bxe2 9. Qxe2 Nf6 10. f4 Qd8 11. Rf3 Qxd4+ 12. Be3 Qb4 13. Rb1 Bc5 14. a3 Bxe3+ 15. Qxe3 Qb6 16. Qxb6 axb6 17. Rd1 0-0 18. Rfd3 Nd5 19. Nxd5 exd5 20. c4 f6 21. Nf3 dxc4 22. Rd8 Na6 23. Rxa8 Rxa8 24. Rd7 Nc5 25. Rd4 b5 26. g4 Re8 27. g5 fxg5 28. Nxg5 h6 29. Nf3 Re2 30. Rd8+ Kh7 31. Ne5 Re4 32. Nf7 Rxf4 33. Rh8+ Kg6 34. Ne5+ Kf6 35. Re8 Kg5 36. Re7 Kf6 37. Re8 Ne6 38. Nd7+ Kf7 39. Rb8 Ke7 40. Rxb7 Kd6 41. Nb6 Rg4+ 42. Kf2 Nc5 43. Nc8+ Ke5 44. Re7+ Kd4 45. Kf3 Rg6 46. Na7 Na4 47. Re4+ Kd3 48. Re3+ Kc2 49. Re2+ Kb3 50. Rg2 Rxg2 51. Kxg2 c5 52. Nxb5 Kxb2 53. Nd6 c3 54. Nc4+ Kb3 55. Na5+ Kxa3 56. Nc4+ Kb3 57. Na5+ Kb2 58. Nc4+ Kb1 59. Na3+ Kc1 60. Nc4 c2 61. Na3 Kd1 62. Nxc2 Kxc2 63. Kf2 Kd2 64. Kf3 c4 65. Ke4 c3 66. Kd4 c2 67. Ke4 c1Q 68. Ke5 Qc6 69. Kf5 Ke3 70. Ke5 Nb6 71. Kf5 Qf6+ 72. Kg4 Nd5 73. Kg3 Qg5+ 74. Kh3 Nf4# 0-1

[Event "Sarajevo Bosna op 49th"]
[Site "Sarajevo"]
[Date "2019.04.28"]
[Round "2"]
[White "Smajic, Ervin"]
[Black "Zenelaj, Fisnik"]
[Result "0-1"]
[WhiteElo "1556"]
[BlackElo "1933"]
[PlyCount "132"]
[EventDate "2019.04.27"]
[EventType "swiss"]
[EventRounds "9"]
[EventCountry "BIH"]
[SourceTitle "CBM 190 Extra"]
[Source "ChessBase"]
[SourceDate "2019.07.15"]
[SourceVersion "1"]
[SourceVersionDate "2019.07.15"]
[SourceQuality "1"]

1. Nf3 Nf6 2. g3 d5 3. d4 e6 4. Bg2 Be7 5. 0-0 0-0 6. Bf4 Nbd7 7. Re1 c5 8. c3 Nh5 9. Bd2 Nhf6 10. Bg5 Ne4 11. Bxe7 Qxe7 12. Nfd2 f5 13. f3 Nxd2 14. Nxd2 cxd4 15. cxd4 f4 16. e4 fxg3 17. hxg3 Qg5 18. exd5 exd5 19. Nf1 Nb6 20. Re5 Qg6 21. Qe1 Bd7 22. Rc1 Bc6 23. b3 a6 24. Qb4 Nd7 25. Re7 Nf6 26. Rce1 Nh5 27. Kh2 Nf6 28. Qd2 Rae8 29. R1e6 Bd7 30. Rxe8 Rxe8 31. Rxe8+ Qxe8 32. Qe3 Bb5 33. Qxe8+ Nxe8 34. Ne3 Bc6 35. f4 Nc7 36. Bf1 Kf7 37. Bd3 g6 38. Kg2 h5 39. Be2 Kf6 40. Kf2 Ne6 41. Nc2 h4 42. Bg4 hxg3+ 43. Kxg3 Nc7 44. Bc8 a5 45. a4 Ne8 46. Bg4 Nd6 47. Bf3 b6 48. Kf2 Nf5 49. Bg4 Nd6 50. Bf3 b5 51. axb5 Nxb5 52. Be2 Nc7 53. Ke3 Bd7 54. Ne1 Bf5 55. Bf3 Ke6 56. Be2 Be4 57. Bd3 Kf5 58. Bxe4+ dxe4 59. Ng2 Nd5+ 60. Kf2 Nxf4 61. Ne3+ Ke6 62. Nc4 Kd5 63. Ke3 Ng2+ 64. Kf2 Nh4 65. Nxa5 Kxd4 66. b4 Kd3 0-1

[Event "EU-ch Amateur 1700"]
[Site "Niksic"]
[Date "2018.06.17"]
[Round "5"]
[White "Koc, Bugra Ege"]
[Black "Smajic, Ervin"]
[Result "1-0"]
[WhiteElo "1352"]
[BlackElo "1559"]
[PlyCount "29"]
[EventDate "2018.06.14"]
[EventType "swiss"]
[EventRounds "9"]
[EventCountry "MNE"]
[SourceTitle "EXT 2019"]
[Source "ChessBase"]
[SourceDate "2018.10.10"]
[SourceVersion "1"]
[SourceVersionDate "2018.10.10"]
[SourceQuality "1"]

1. d4 d5 2. Nf3 Bf5 3. g3 e6 4. Bg2 c5 5. 0-0 Nc6 6. c4 Nf6 7. cxd5 Nxd5 8. Nc3 Ndb4 9. e4 Bg4 10. d5 Nd4 11. Qa4+ Qd7 12. Qxd7+ Kxd7 13. Ne5+ Ke7 14. Nxg4 g6 15. Bg5+ 1-0